Laboratory exercises in genetics /

Guardado en:
Autor Principal: Royle, Howard A.
Formato: Libro
Idioma:English
Publicado: Minnesota : Burgess, 1957.
Etiquetas: Agregar Etiqueta
Sin Etiquetas, Sea el primero en etiquetar este registro!
LEADER 00417nam a22001335a 4500
001 EEA.libagro008604
005 20150305104907.0
008 130809s1957####xxua##########000#0#eng#d
082 0 4 |a 575.0072 
100 1 |a Royle, Howard A. 
245 1 0 |a Laboratory exercises in genetics /  |c Howard A. Royle. 
260 |a Minnesota :  |b Burgess,  |c 1957. 
300 |a 53 p. :  |b il. ;  |c 21 cm. 
859 |a AR-BbBCA  |b BIB. AGRONOMIA  |h 575.0072  |i R891  |p 1959/0536